000
00234 a2200097 4500
001
46564
100
_a
Rizvi, Syed Mehmood
245
_a
Aql-i-Salim
260
_a
Karachi
_b
Pak American Comercial Corporation
_c
090
_c
29673
_d
29673
942
_a
NUST-CAE
_c
M
_c
21861
999
_c
281637
_d
281637